000 01889nam a22002417a 4500
999 _c60216
_d60216
003 Ge_BSU
005 20230619174513.0
008 230619s1982 ge ||||| |||| 00| 0 geo d
041 _ageo
080 _a821.353.1 ლ-80
100 _aლოლაშვილი, ივანე
_94952
245 _aმცირე უწყებანი ქართველთა მწერალთათვის (XVI-XIX სს.) /
_cგამოსაცემად მოამზადა, გამოკვლევა, კომენტარები და ლექსიკონი დაურთო ივ. ლოლაშვილმა ; რედაქტორი შოთა ძიძიგური ; საქართველოს სსრ მეცნიერებათა აკადემია, ცენტრალური სამეცნიერო ბიბლიოთეკა.
264 _aთბილისი :
_bმეცნიერება,
_c1982.
300 _a264 გვ. ;
_b21 სმ.
490 _aისტორიულ-ბიბლიოგრაფიული ცნობები ძველ ქართულ მწერლობაზე
501 _aსაკუთარ სახელთა ლექსიკონი: გვ.222-251.
520 _aრეზიუმე რუსულ ენაზე.
653 _a ძველი ქართული მწერლობა
700 _aლოლაშვილი, ივ.
_eშემდგენელი
_918816
700 _aძიძიგური, შოთა
_eრედაქტორი
_918817
710 _aსაქართველოს სსრ მეცნიერებათა აკადემია
_bცენტრალური სამეცნიერო ბიბლიოთეკა
_918818
942 _2udc
_cBK